00586 a2200181 450000100060000002000150000604000370002110000200005824000350007824500300011330000070014336200090015065000310015994200070019095200890019795201010028699900170038774606 a8533907109 cAnchieta - Colégio São Paulo aVieira , Isabel10aAs minas do rei Salomãolpor10aAs minas do rei Salomão a320 a2004 4aLiteratura infanto-juvenil cBK 00104070a88.1b88.1d2023-11-22l0p5358/CSPr2023-11-22 14:31:34w2023-11-22yBK 00102ddc4070a57.2b57.2d2024-07-15l0pfm251r2024-07-15 11:18:41w2024-07-15yBKzFD2/EMu c74606d74606